| 000 | 00990cam a22003014a 4500 | ||
|---|---|---|---|
| 001 | 16151453 | ||
| 003 | OSt | ||
| 005 | 20160510175842.0 | ||
| 008 | 100324s2011 caua b 001 0 eng | ||
| 010 | _a 2010925469 | ||
| 020 | _a9781849205610 (hardback) | ||
| 020 | _a9781849205627 (pbk.) | ||
| 040 |
_aDLC _cDLC _dDLC |
||
| 042 | _apcc | ||
| 050 | 0 | 0 |
_aLB2395.3 _b.W35 2011 |
| 100 | 1 |
_aWallace, Mike, _d1950-. _98688 |
|
| 245 | 1 | 0 |
_aCritical reading and writing for postgraduates / _cMike Wallace, Alison Wray. |
| 250 | _a2nd ed. | ||
| 260 |
_aThousand Oaks, CA : _bSAGE Publications, _c2011. |
||
| 300 |
_ax, 252 p. : _bill. ; _c25 cm. |
||
| 504 | _aIncludes bibliographical references and index. | ||
| 650 | 0 |
_aReading (Higher education) _98689 |
|
| 650 | 0 |
_aCritical thinking _xStudy and teaching (Higher) _98690 |
|
| 700 | 1 |
_aWray, Alison. _98691 |
|
| 906 |
_a7 _bcbc _corignew _d2 _eepcn _f20 _gy-gencatlg |
||
| 942 |
_2ddc _cSLOAN |
||
| 999 |
_c3969 _d3969 |
||